000 00620cab a2200217 4500
001 ABS54179
008 090401t1995 xxu||||| |||| 00| 0 eng d
035 _a(Sirsi) u8912
041 _aeng
100 _aLawson, D.
245 _aIT figures
260 _c1995
350 _a0
490 _aProperty Week
_v53(10) 7 December 1995, 34-35(2)
520 _aA look at valuation software packages and why they are becoming increasingly popular.
650 _aSOFTWARE PACKAGES
650 _aVALUATION SOFTWARE
690 _aMANAGEMENT-BUSINESS MANAGEMENT-INFORMATION MANAGEMENT
942 _n0
948 _c04/03/1997
999 _c5521
_d5521